[Event "London Classic op"]
[Site "London"]
[Date "2010.12.15"]
[Round "9"]
[White "McKerracher, Douglas"]
[Black "McIntyre, Paul"]
[Result "1/2-1/2"]
[WhiteElo "1940"]
[BlackElo "2119"]
[PlyCount "82"]
[EventDate "2010.12.08"]
[EventType "swiss"]
[EventRounds "9"]
[EventCountry "ENG"]
[SourceTitle "CBM 139 Extra"]
[Source "ChessBase"]
[SourceDate "2011.01.05"]
[SourceVersion "1"]
[SourceVersionDate "2011.01.05"]
[SourceQuality "1"]

1. e4 c5 2. Nc3 Nc6 3. g3 g6 4. Bg2 Bg7 5. d3 d6 6. f4 Nf6 7. Nf3 0-0 8. 0-0 Rb8 9. h3 b5 10. Be3 b4 11. Ne2 a5 12. Rb1 Bb7 13. g4 Nd7 14. Ng3 Nd4 15. Rf2 a4 16. Bxd4 cxd4 17. b3 Qa5 18. g5 e6 19. h4 axb3 20. axb3 Qc5 21. Rc1 Ba8 22. Nh2 f5 23. gxf6 Nxf6 24. Bh3 Rbe8 25. Ra1 Bb7 26. Ng4 Nh5 27. Ne2 Kh8 28. Qd2 Bc6 29. Raf1 Bd7 30. Kh2 Rc8 31. Ng1 Rc7 32. Ra1 Rfc8 33. Ra2 Qc6 34. Qe2 Rf8 35. e5 d5 36. Qf1 Bc8 37. Ne2 Qc5 38. Ng3 Qe7 39. Ne2 Qc5 40. Rf3 Rcf7 41. Qf2 Qe7 1/2-1/2

[Event "London Classic op"]
[Site "London"]
[Date "2010.12.12"]
[Round "5"]
[White "McIntyre, Paul"]
[Black "Berry, Neil"]
[Result "0-1"]
[WhiteElo "2119"]
[BlackElo "2346"]
[PlyCount "104"]
[EventDate "2010.12.08"]
[EventType "swiss"]
[EventRounds "9"]
[EventCountry "ENG"]
[SourceTitle "CBM 139 Extra"]
[Source "ChessBase"]
[SourceDate "2011.01.05"]
[SourceVersion "1"]
[SourceVersionDate "2011.01.05"]
[SourceQuality "1"]

1. e4 d6 2. d4 Nf6 3. Nc3 e5 4. dxe5 dxe5 5. Qxd8+ Kxd8 6. Bg5 Be6 7. 0-0-0+ Nbd7 8. f4 exf4 9. Nf3 h6 10. Bxf4 Bc5 11. h3 Nh5 12. Bh2 Be3+ 13. Kb1 Bf4 14. Nd4 Bxh2 15. Nxe6+ fxe6 16. Rxh2 Ng3 17. Ne2 Nxe2 18. Bxe2 Ke7 19. Rhh1 Ne5 20. Kc1 Rhf8 21. Rhf1 Rad8 22. Rxd8 Rxd8 23. Rd1 Rxd1+ 24. Kxd1 Kd6 25. Kd2 Nf7 26. Ke3 Ke5 27. c3 Nd6 28. Bd3 c5 29. b3 b5 30. Bc2 a5 31. g3 c4 32. b4 a4 33. a3 Ne8 34. Bd1 Nf6 35. Bf3 g5 36. g4 Nd7 37. Bg2 Nf8 38. Bf1 Ng6 39. Bg2 Nf4 40. Bf1 h5 41. gxh5 Nxh5 42. Bg2 Ng3 43. Bf3 Nf1+ 44. Ke2 Kf4 45. Bg4 Ng3+ 46. Kd1 Ke5 47. Kc2 Nxe4 48. Bf3 Kf4 49. Bg4 e5 50. Bd7 Nd6 51. Kd2 Kf3 52. Bc6+ Kf2 0-1

[Event "Uxbridge op"]
[Site "London"]
[Date "2010.10.28"]
[Round "9"]
[White "McIntyre, Paul"]
[Black "Lyell, Mark"]
[Result "1-0"]
[WhiteElo "2119"]
[BlackElo "2202"]
[PlyCount "59"]
[EventDate "2010.10.24"]
[EventType "swiss"]
[EventRounds "9"]
[EventCountry "ENG"]
[SourceTitle "EXT 2011"]
[Source "ChessBase"]
[SourceDate "2010.11.26"]
[SourceVersion "1"]
[SourceVersionDate "2010.11.26"]
[SourceQuality "1"]

1. e4 e5 2. d4 exd4 3. Qxd4 Nc6 4. Qe3 Nf6 5. Nc3 Bb4 6. Bd2 0-0 7. 0-0-0 Re8 8. Qg3 Rxe4 9. a3 Ba5 10. Bg5 Bxc3 11. Qxc3 d6 12. Bd3 Re5 13. Nf3 Ra5 14. Qd2 Bf5 15. Qf4 Bxd3 16. Rxd3 Ne5 17. Nxe5 Rxe5 18. Rhd1 Re6 19. Rh3 Qd7 20. Qh4 h5 21. f4 Rae8 22. g4 Qa4 23. Kb1 c6 24. gxh5 Re2 25. Rc1 Ne4 26. h6 Qd4 27. hxg7 Qxg7 28. Rg1 Nd2+ 29. Ka1 Nc4 30. Qh8+ 1-0

[Event "Uxbridge op"]
[Site "London"]
[Date "2010.10.26"]
[Round "4"]
[White "Ociepka, Adrian"]
[Black "McIntyre, Paul"]
[Result "1/2-1/2"]
[WhiteElo "2157"]
[BlackElo "2119"]
[PlyCount "87"]
[EventDate "2010.10.24"]
[EventType "swiss"]
[EventRounds "9"]
[EventCountry "ENG"]
[SourceTitle "EXT 2011"]
[Source "ChessBase"]
[SourceDate "2010.11.26"]
[SourceVersion "1"]
[SourceVersionDate "2010.11.26"]
[SourceQuality "1"]

1. e4 c5 2. Nf3 d6 3. d4 cxd4 4. Nxd4 Nf6 5. Nc3 a6 6. Be3 e5 7. Nb3 Be6 8. Qd2 Be7 9. f3 h5 10. 0-0-0 Nbd7 11. Kb1 b5 12. Nd5 Bxd5 13. exd5 Nb6 14. Bxb6 Qxb6 15. Bd3 a5 16. Rhe1 a4 17. Nc1 a3 18. Qb4 0-0 19. Bxb5 Rfc8 20. c4 axb2 21. Nd3 Qa7 22. Qb3 Nd7 23. Re2 Bf6 24. a4 Nb6 25. Nxb2 e4 26. Rxe4 Bxb2 27. Kxb2 Rcb8 28. Kc3 Nxa4+ 29. Qxa4 Qxa4 30. Bxa4 Rxa4 31. Rde1 Ra3+ 32. Kd4 Rb2 33. Re8+ Kh7 34. R1e2 Rb1 35. Rd8 Rd1+ 36. Ke4 Rc3 37. Rxd6 Rxc4+ 38. Ke5 Rcd4 39. Rd8 Kg6 40. g3 R4d3 41. f4 Rf3 42. Rc2 Re3+ 43. Kd6 Rxd5+ 44. Kxd5 1/2-1/2